GOODMAN AND GILMANS ,THE PHARMACOLOGICAL THERAPEUTICS (Record no. 17648)

MARC details
000 -LEADER
fixed length control field 00448nam a22001697a 4500
003 - CONTROL NUMBER IDENTIFIER
control field OSt
005 - DATE AND TIME OF LATEST TRANSACTION
control field 20211111093958.0
008 - FIXED-LENGTH DATA ELEMENTS--GENERAL INFORMATION
fixed length control field 211111b |||||||| |||| 00| 0 eng d
020 ## - INTERNATIONAL STANDARD BOOK NUMBER
International Standard Book Number 0-07-142280-3
040 ## - CATALOGING SOURCE
Original cataloging agency DDC
Transcribing agency HU
082 ## - DEWEY DECIMAL CLASSIFICATION NUMBER
Edition number 11TH
Classification number 615.7
Item number 9
100 ## - MAIN ENTRY--PERSONAL NAME
Personal name LAURENCE L. BRUNTON
9 (RLIN) 17843
245 ## - TITLE STATEMENT
Title GOODMAN AND GILMANS ,THE PHARMACOLOGICAL THERAPEUTICS
250 ## - EDITION STATEMENT
Edition statement 11TH
260 ## - PUBLICATION, DISTRIBUTION, ETC.
Place of publication, distribution, etc. NEW YORK
Name of publisher, distributor, etc. MC GRAW -HILL
Date of publication, distribution, etc. 2006
942 ## - ADDED ENTRY ELEMENTS (KOHA)
Source of classification or shelving scheme Dewey Decimal Classification
Koha item type Books like text book referance book
Suppress in OPAC No
Holdings
Withdrawn status Lost status Source of classification or shelving scheme Damaged status Not for loan Home library Current library Date acquired Total Checkouts Full call number Barcode Date last seen Copy number Price effective from Koha item type
    Dewey Decimal Classification     College of Medicine and Health’s Sciences Library College of Medicine and Health’s Sciences Library 11/11/2021   615.7-G6-2006 CMHSL00004505 11/11/2021 1 11/11/2021 Books like text book referance book
    Dewey Decimal Classification     College of Medicine and Health’s Sciences Library College of Medicine and Health’s Sciences Library 11/11/2021   615.7-G6-2006 CMHSL00004506 11/11/2021 2 11/11/2021 Books like text book referance book
    Dewey Decimal Classification     College of Medicine and Health’s Sciences Library College of Medicine and Health’s Sciences Library 11/11/2021   615.7-G6-2006 CMHSL00004507 11/11/2021 3 11/11/2021 Books like text book referance book
    Dewey Decimal Classification     College of Medicine and Health’s Sciences Library College of Medicine and Health’s Sciences Library 11/11/2021   615.7-G6-2006 CMHSL00004508 11/11/2021 4 11/11/2021 Books like text book referance book
    Dewey Decimal Classification     College of Medicine and Health’s Sciences Library College of Medicine and Health’s Sciences Library 11/11/2021   615.7-G6-2006 CMHSL00004509 11/11/2021 5 11/11/2021 Books like text book referance book
    Dewey Decimal Classification     College of Medicine and Health’s Sciences Library College of Medicine and Health’s Sciences Library 11/11/2021   615.7-G6-2006 CMHSL00004510 11/11/2021 6 11/11/2021 Books like text book referance book
    Dewey Decimal Classification     College of Medicine and Health’s Sciences Library College of Medicine and Health’s Sciences Library 11/11/2021   615.7-G6-2006 CMHSL00004511 11/11/2021 7 11/11/2021 Books like text book referance book
    Dewey Decimal Classification     College of Medicine and Health’s Sciences Library College of Medicine and Health’s Sciences Library 11/11/2021   615.7-G6-2006 CMHSL00004512 11/11/2021 8 11/11/2021 Books like text book referance book
    Dewey Decimal Classification     College of Medicine and Health’s Sciences Library College of Medicine and Health’s Sciences Library 11/11/2021   615.7-G6-2006 CMHSL00004513 11/11/2021 9 11/11/2021 Books like text book referance book